书目信息 |
| 题名: |
道论
|
|
| 作者: | 陈政立 论 | |
| 分册: | ||
| 出版信息: | 北京 中国经济出版社 2005 |
|
| 页数: | 288页 | |
| 开本: | 24cm | |
| 丛书名: | ||
| 单 册: | ||
| 中图分类: | B018 | |
| 科图分类: | ||
| 主题词: | 价值论(哲学)--研究 , 方法论--研究 | |
| 电子资源: | ||
| ISBN: | 7-5017-7044-1 | |
| 000 | 00621nam0 2200229 450 | |
| 000 | 00771nam0 2200253 45 | |
| 001 | TS2006025540 | |
| 005 | 20070120155038.14 | |
| 010 | @a7-5017-7044-1@dCNY28.80 | |
| 100 | @a20060829d2005 ekmy0chiy0120 ea | |
| 101 | 0 | @achi |
| 102 | @aCN@b110000 | |
| 105 | @ay z 000yy | |
| 200 | 1 | @a道论@ADao Lun@f陈政立著@FChen Zheng Li Zhu |
| 210 | @a北京@c中国经济出版社@d2005 | |
| 215 | @a288页@d24cm | |
| 606 | 0 | @a价值论(哲学)@x研究 |
| 606 | 0 | @a方法论@x研究 |
| 690 | @aB018@v4 | |
| 701 | 0 | @a陈政立@AChen Zheng Li@4论 |
| 801 | 0 | @aCN@b中图数据@c20070120 |
| 905 | @a10447@dB018@e217 | |
| 道论/陈政立著.-北京:中国经济出版社,2005 |
| 288页;24cm |
| ISBN 7-5017-7044-1:CNY28.80 |
| ● |
| 相关链接 |
|
|
|
|
正题名:道论
索取号:B018/217
 
预约/预借
| 序号 | 登录号 | 条形码 | 馆藏地/架位号 | 状态 | 备注 |
| 1 | 0605520 | 206055203 | 第一样本阅览室/ [索取号:B018/217] | 在馆 | |
| 2 | 0605521 | 206055212 | 教育系资料室/ [索取号:B018/217] | 在馆 | |
| 3 | 0605522 | 206055221 | 第一借阅区/ [索取号:B018/217] | 在馆 | |
| 4 | 0605523 | 206055230 | 第一借阅区/ [索取号:B018/217] | 在馆 | |
| 5 | 0605524 | 206055249 | 教育系资料室/ [索取号:B018/217] | 在馆 |